[Event "Monadnock Marathon 19th"]
[Site "Hillsboro"]
[Date "1996.10.26"]
[Round "1"]
[White "Hansen, J."]
[Black "Godin, Paul"]
[Result "1-0"]
[WhiteElo "2176"]
[BlackElo "1937"]
[PlyCount "81"]
[EventDate "1996.10.??"]
[EventType "swiss"]
[EventRounds "12"]
[EventCountry "USA"]
[SourceTitle "EXT 2005"]
[Source "ChessBase"]
[SourceDate "2004.11.15"]
[SourceVersion "1"]
[SourceVersionDate "2004.11.15"]
[SourceQuality "1"]

1. d4 Nf6 2. c4 e6 3. Nc3 Bb4 4. e3 c5 5. Nge2 0-0 6. a3 Bxc3+ 7. Nxc3 cxd4 8. exd4 Re8 9. Be2 d5 10. 0-0 Nc6 11. cxd5 Nxd5 12. Nxd5 Qxd5 13. Be3 Bd7 14. Rc1 Rac8 15. Re1 b6 16. Bf3 Qf5 17. b4 Ne7 18. Qd2 Ng6 19. h3 Nh4 20. Be2 Qg6 21. Bg5 Bc6 22. Bd3 f5 23. Rxc6 Nf3+ 24. gxf3 Rxc6 25. Bb5 Rec8 26. Bxc6 Rxc6 27. Kh2 h6 28. Bf4 Qh5 29. Qe3 Qf7 30. Be5 g5 31. Rg1 Kf8 32. Rc1 f4 33. Qd2 Qb7 34. Rxc6 Qxc6 35. Qd3 Qb7 36. Qg6 Qd5 37. Qxh6+ Ke8 38. Qg6+ Kd7 39. Qf7+ Kd8 40. Qc7+ Ke8 41. Bd6 1-0